<?xml version="1.0" encoding="UTF-8"?>
<record
    xmlns:xsi="http://www.w3.org/2001/XMLSchema-instance"
    xsi:schemaLocation="http://www.loc.gov/MARC21/slim http://www.loc.gov/standards/marcxml/schema/MARC21slim.xsd"
    xmlns="http://www.loc.gov/MARC21/slim">

  <leader>00442nam a22001577a 4500</leader>
  <controlfield tag="005">20250916101450.0</controlfield>
  <controlfield tag="008">250916b        |||||||| |||| 00| 0 eng d</controlfield>
  <datafield tag="020" ind1=" " ind2=" ">
    <subfield code="a">979-8-88715-057-4</subfield>
  </datafield>
  <datafield tag="100" ind1=" " ind2=" ">
    <subfield code="a">KENNEDY, ROBERT</subfield>
  </datafield>
  <datafield tag="245" ind1=" " ind2=" ">
    <subfield code="a">FISH PROCESSING TECHNOLOGY</subfield>
  </datafield>
  <datafield tag="260" ind1=" " ind2=" ">
    <subfield code="a">DUBLIN</subfield>
    <subfield code="b">ORYSON PRESS</subfield>
    <subfield code="c">2023</subfield>
  </datafield>
  <datafield tag="300" ind1=" " ind2=" ">
    <subfield code="a">X, 276P.</subfield>
  </datafield>
  <datafield tag="500" ind1=" " ind2=" ">
    <subfield code="a">INCLUDES INDEX</subfield>
  </datafield>
  <datafield tag="650" ind1=" " ind2=" ">
    <subfield code="a">1.FISHERY PRODUCTS -PROCESSING. 2. FISH - PRESERVATION</subfield>
  </datafield>
  <datafield tag="942" ind1=" " ind2=" ">
    <subfield code="2">lcc</subfield>
    <subfield code="c">BK</subfield>
  </datafield>
  <datafield tag="999" ind1=" " ind2=" ">
    <subfield code="c">216104</subfield>
    <subfield code="d">216104</subfield>
  </datafield>
  <datafield tag="952" ind1=" " ind2=" ">
    <subfield code="0">0</subfield>
    <subfield code="1">0</subfield>
    <subfield code="2">lcc</subfield>
    <subfield code="4">0</subfield>
    <subfield code="6">SH0334 K46  02023</subfield>
    <subfield code="7">0</subfield>
    <subfield code="9">373086</subfield>
    <subfield code="a">KSUL</subfield>
    <subfield code="b">KSUL</subfield>
    <subfield code="d">2025-09-16</subfield>
    <subfield code="i">109505</subfield>
    <subfield code="l">0</subfield>
    <subfield code="o">SH 334 .K46 2023</subfield>
    <subfield code="p">000000023878</subfield>
    <subfield code="r">2025-09-16 10:17:03</subfield>
    <subfield code="t">1</subfield>
    <subfield code="w">2025-09-16</subfield>
    <subfield code="y">BK</subfield>
  </datafield>
  <datafield tag="952" ind1=" " ind2=" ">
    <subfield code="0">0</subfield>
    <subfield code="1">0</subfield>
    <subfield code="2">lcc</subfield>
    <subfield code="4">0</subfield>
    <subfield code="6">SH0334 K46  02023</subfield>
    <subfield code="7">0</subfield>
    <subfield code="9">373087</subfield>
    <subfield code="a">KSUL</subfield>
    <subfield code="b">KSUL</subfield>
    <subfield code="d">2025-09-16</subfield>
    <subfield code="i">109506</subfield>
    <subfield code="l">0</subfield>
    <subfield code="o">SH 334 .K46 2023</subfield>
    <subfield code="p">000000023877</subfield>
    <subfield code="r">2025-09-16 10:17:00</subfield>
    <subfield code="t">2</subfield>
    <subfield code="w">2025-09-16</subfield>
    <subfield code="y">BK</subfield>
  </datafield>
  <datafield tag="952" ind1=" " ind2=" ">
    <subfield code="0">0</subfield>
    <subfield code="1">0</subfield>
    <subfield code="2">lcc</subfield>
    <subfield code="4">0</subfield>
    <subfield code="6">SH0334 K46  02023</subfield>
    <subfield code="7">0</subfield>
    <subfield code="9">373088</subfield>
    <subfield code="a">KSUL</subfield>
    <subfield code="b">KSUL</subfield>
    <subfield code="d">2025-09-16</subfield>
    <subfield code="i">109507</subfield>
    <subfield code="l">0</subfield>
    <subfield code="o">SH 334 .K46 2023</subfield>
    <subfield code="p">000000023876</subfield>
    <subfield code="r">2025-09-16 10:17:00</subfield>
    <subfield code="t">3</subfield>
    <subfield code="w">2025-09-16</subfield>
    <subfield code="y">BK</subfield>
  </datafield>
  <datafield tag="952" ind1=" " ind2=" ">
    <subfield code="0">0</subfield>
    <subfield code="1">0</subfield>
    <subfield code="2">lcc</subfield>
    <subfield code="4">0</subfield>
    <subfield code="6">SH0334 K46  02023</subfield>
    <subfield code="7">0</subfield>
    <subfield code="9">373089</subfield>
    <subfield code="a">KSUL</subfield>
    <subfield code="b">KSUL</subfield>
    <subfield code="d">2025-09-16</subfield>
    <subfield code="i">109508</subfield>
    <subfield code="l">0</subfield>
    <subfield code="o">SH 334 .K46 2023</subfield>
    <subfield code="p">000000024533</subfield>
    <subfield code="r">2025-09-16 10:17:00</subfield>
    <subfield code="t">4</subfield>
    <subfield code="w">2025-09-16</subfield>
    <subfield code="y">BK</subfield>
  </datafield>
</record>
